| 000 | 00494nam a2200157Ia 4500 | ||
|---|---|---|---|
| 005 | 20250424120252.0 | ||
| 008 | 250424s9999 xx 000 0 und d | ||
| 022 | _a21411379 | ||
| 050 | _aDT 515.57 .A36/ | ||
| 245 | 0 | _aJournal of african development affairs (ADA) | |
| 260 | _aKano | ||
| 260 | _bDepartment of Banking & Finance NSUK | ||
| 260 | _c2009 | ||
| 650 | _aNigeria--History--Periodicals. Nigeria--Politics and government--Periodicals. Africa--History--Periodicals. | ||
| 942 | _cSR | ||
| 999 |
_c38347 _d38347 |
||